01129nam a2200181Ia 4500001001000000003001000010008004100020040002500061041001300086100001200099245009100111250001100202260007000213500026000283501011400543520026000657650003000917L503-2461IT-CnALBA170116s9999||||xx |||||||||||||| ||und|| aIT-CnALBAcIT-CnALBA aITALIANO aAA. VV. 0aNATURA VIVA. ENCICLOPEDIA SISTEMATICA DEL REGNO VEGETALE E ANIMALE. VOLL. I-III; I-V.  a2a ed. aMILANObVALLARDI FRANCESCO & ANTONIO EDIT. c1966 [1° Ed.: n.d.] aDIREZIONE VALLARDI FRANCESCO. REVISIONE DI CONCI CESARE E MANFREDI PAOLA. COLLABORATORI: PEYRONEL, STUCCHI, TOSCO, VIOLA, ZANGHERI, BELLONIO, BOLCHI, CAMUSSO, BUCCIARELLI, CONTI, DE STEFANI, GHIDINI, LANZA VECCHIA, MANFREDI, MUNARI, PALAMIDESSI, REALI, RE aSocietà San Paolo EM - Piazza San Paolo, 14 - 12051 ALBA (CN) (non commercial uses only) ® Copyright 2017 aDIREZIONE VALLARDI FRANCESCO. REVISIONE DI CONCI CESARE E MANFREDI PAOLA. COLLABORATORI: PEYRONEL, STUCCHI, TOSCO, VIOLA, ZANGHERI, BELLONIO, BOLCHI, CAMUSSO, BUCCIARELLI, CONTI, DE STEFANI, GHIDINI, LANZA VECCHIA, MANFREDI, MUNARI, PALAMIDESSI, REALI, RE aDIZIONARI DI SCIENZE PURE